| 000 | 01216cam a2200325 a 4500 | ||
|---|---|---|---|
| 001 | 4434854 | ||
| 003 | NUST | ||
| 005 | 20240123143854.0 | ||
| 008 | 941019s1995 enkab b 001 0 eng | ||
| 010 | _a 94040183 | ||
| 020 | _a0750623004 | ||
| 040 |
_aDLC _cDLC _dDLC |
||
| 050 | 0 | 0 |
_aQD601.2 _b.C473 1995 |
| 082 | 0 | 0 |
_a541.38 _220 _bCHO |
| 100 | 1 | _aChoppin, Gregory R. | |
| 245 | 1 | 0 |
_aRadiochemistry and nuclear chemistry / _cby Gregory R. Choppin, Jan-Olov Liljenzin, and Jan Rydberg. |
| 250 | _a2nd ed. | ||
| 260 |
_aOxford ; _aBoston : _bButterworth-Heinemann, _c1995. |
||
| 300 |
_a707 p. : _bill., maps ; _c24 cm. |
||
| 500 | _aRev. ed. of: Nuclear chemistry. 1st ed. Oxford ; New York : Pergamon Press, 1980. | ||
| 504 | _aIncludes bibliographical references and indexes. | ||
| 650 | 0 |
_aRadiochemistry. _9120047 |
|
| 650 | 0 |
_aNuclear chemistry. _9120048 |
|
| 700 | 1 |
_aLiljenzin, Jan-Olov. _9120049 |
|
| 700 | 1 |
_aRydberg, Jan. _9120050 |
|
| 700 | 1 |
_aChoppin, Gregory R. _tNuclear chemistry. _9120051 |
|
| 906 |
_a7 _bcbc _corignew _d1 _eocip _f19 _gy-gencatlg |
||
| 942 |
_2ddc _cBK |
||
| 999 |
_c607498 _d607498 |
||